Michoacán : sociedad, economía, política y cultura /
Uloženo v:
| Hlavní autor: | |
|---|---|
| Další autoři: | , , |
| Médium: | Kniha |
| Jazyk: | španělština |
| Vydáno: |
México :
UNAM, Centro de Investigaciones Interdisciplinarias en Ciencias y Humanidades,
1998, c1998
|
| Edice: | (Biblioteca de las Entidades Federativas)
|
| Témata: | |
| Tagy: |
Žádné tagy, Buďte první, kdo vytvoří štítek k tomuto záznamu!
|
MARC
| LEADER | 00000nam^a2200000^a^4500 | ||
|---|---|---|---|
| 001 | 000356214 | ||
| 005 | 20250521000000.0 | ||
| 009 | 20260310115224.868 | ||
| 020 | |a 968-36-0655-5 | ||
| 037 | |a Acervo ITESO - Biblioteca | ||
| 041 | |a ESP | ||
| 082 | |a 320. 972 |b BIB V. 16 | ||
| 100 | |a Zepeda Patterson, Jorge |e (autor) | ||
| 245 | 1 | 0 | |a Michoacán : |b sociedad, economía, política y cultura / |c J. Zepeda Patterson ; coord. de P. González Casanova, J. Cadena Roa. |
| 264 | 4 | |a México : |b UNAM, Centro de Investigaciones Interdisciplinarias en Ciencias y Humanidades, |c 1998, c1998 | |
| 300 | |a 190 p. | ||
| 336 | |a texto |b txt |2 rdacontenido | ||
| 337 | |a sin mediación |b n |2 rdamedio | ||
| 338 | |a volumen |b nc |2 rdasoporte | ||
| 440 | 1 | |a (Biblioteca de las Entidades Federativas) | |
| 649 | |a XX | ||
| 650 | |a Cardenismo - |x Historia | ||
| 650 | |a Movimientos Sociales - |z Michoacán - |x Historia - |y Siglo XX | ||
| 650 | |a Movimientos Sociales - |z México - |x Historia - |y Siglo XX | ||
| 650 | |a Partidos Políticos - |z Michoacán - |x Historia - |y Siglo XX | ||
| 650 | |a Partidos Políticos - |z México - |x Historia - |y Siglo XX | ||
| 650 | |a Poder Político - |z Michoacán - |x Historia - |y Siglo XX | ||
| 650 | |a Poder Político - |z México - |x Historia - |y Siglo XX | ||
| 650 | |a Poder (Ciencias Sociales) - |z Michoacán - |x Historia - |y Siglo XX | ||
| 650 | |a Poder (Ciencias Sociales) - |z México - |x Historia - |y Siglo XX | ||
| 650 | |a Derecho Público - |z Michoacán | ||
| 650 | |a Derecho Público - |z México | ||
| 650 | |a Cultura - |z Michoacán - |x Historia - |y Siglo XX | ||
| 650 | |a Cultura - |z México - |x Historia - |y Siglo XX | ||
| 650 | |a Economía - |z Michoacán - |x Historia - |y Siglo XX | ||
| 650 | |a Economía - |z México - |x Historia - |y Siglo XX | ||
| 650 | |a Política - |z Michoacán - |x Historia - |y Siglo XX | ||
| 650 | |a Política - |z México - |x Historia - |y Siglo XX | ||
| 650 | |a Michoacán - |x Historia - |y Siglo XX - |x Tema Principal | ||
| 650 | |a Michoacán - |x Descripción - |x Tema Principal | ||
| 650 | |a México - |x Descripción | ||
| 700 | |a González Casanova, Pablo |e (coordinación) | ||
| 700 | |a Cadena Roa, Jorge |e (coordinación) | ||
| 700 | |a Paoli Bolio, Francisco José |e (edición) | ||
| 910 | |a Fondo General | ||
| 920 | |a Impresos - Libros | ||
| 930 | |a Colección General | ||
| 905 | |a 101 | ||
| 901 | |a 0500249090 |b IT1 |c ACC |i D70747 |u 20250521 | ||
| 902 | |a https://opac.biblio.iteso.mx/vufind/Record/000356214 | ||